LEADER 01753nam a2200373 a 4500 001 000000147814 003 CaOOAMICUS 005 20151130131040.0 008 151130s2012 it a u000 u ita r 020 $a978-88-7470-234-3* 032 $aLibriCat 040 $aPUL$bita 041 1 $aita$alat$hlat 082 04$a284.8 100 1 $aJansen, Cornelis,$cvesc. d'Ypres,$d1585-1638.$0(OLS)http://pul/name/14237 245 03$aIl prisma della natura umana :$bGiansenio interprete di Agostino /$ca cura e con una introduzione di Giovanna D'Aniello ; prefazione di Danilo Zardin. 260 $aBari :$bEdizioni di Pagina,$c©2012. 300 $a484 p. :$bill. ;$c20 cm. 490 1 $aBiblioteca filosofica di Quaestio ;$v17 504 $aBibliografia p. 469-480. 546 $aTesto latino a fronte. 600 04$aAugustinus,$cs., vesc. d'Ippona,$d354-430$xCritica e interpretazione.$0(OLS)http://pul/subject/4843 600 14$aJansen, Cornelis,$cvesc. di Ypres,$d1585-1638.$0(OLS)http://pul/subject/10866 700 1 $aD'Aniello, Giovanna.$0(OLS)http://pul/name/94439 700 1 $aZardin, Danilo,$d1954-$0(OLS)http://pul/name/24210 830 0$aBiblioteca filosofica di Quaestio ;$v17.$0(OLS)http://pul/title/147279 850 $aPUL 852 $aPUL$W1$xSL Religione 3$y85$m284. 8 DANGI 1$j170643$qDDC 21$B171619$CPULBib$Z2$F171619 $H126559 $81 941 1 $a9 996 $6020$a978-88-7470-234-3*$9(OLS)http://pul/number/159081 996 $6082$a284.8$9(OLS)http://pul/classification/2854 996 $6245$aIl prisma della natura umana :$bGiansenio interprete di Agostino$9(OLS)http://pul/title/186521 996 $6260$aBari :$bEdizioni di Pagina$9(OLS)http://pul/publisher/80667 LEADER 01107nam a2200253 a 4500 001 000000142703 003 CaOOAMICUS 005 20250730144319.0 008 150409s1940 it afc u000 u ita r 040 $aPUL$bita 100 1 $aHuizinga, Johan,$d1872-1945.$0(OLS)http://pul/name/5518 245 10$aAutunno del Medio Evo /$cJohan Huizinga ; traduzione dall'olandese di Bernardo Jasink. 260 $aFirenze :$bSansoni,$c1940. 300 $aVIII, 497 p., [11] c. di tav. :$bill., ritr. ;$c23 cm 500 $a"La traduzione è stata condotta sul testo della 3a edizione olandese ... 1928". 650 4$aMedioevo$xStudi.$0(OLS)http://pul/subject/4691 700 1 $aJasink, Bernard,$d1870-1964.$0(OLS)http://pul/name/5519 850 $aPUL 852 $aPUL$W1$xDP1 Fondo Capitani$y116$m10 G 63$j164571$qFondi$B164838$CPULBib$Z2$F164838 $HCap1720 $82 941 1 $a1 961 $aNota ms. di possesso: Capitani. 996 $6245$aAutunno del Medio Evo$9(OLS)http://pul/title/7732 996 $6260$aFirenze :$bSansoni$9(OLS)http://pul/publisher/47896